The justice of Islam : Comparative perspectives on Islamic law and society

One out of five people in the world today lives subject to Islamic law, but stereotypes of rigid doctrine or harsh punishment obscure an understanding of the values and style of reasoning that characterize everyday lslamic adjudication. By considering its larger social and cultural context, this boo...

ver descrição completa

Na minha lista:
Detalhes bibliográficos
Autor principal: Rosen, Lawrence
Formato: Livro
Idioma:Undetermined
Publicado em: Oxford Oxford University Press 2000
Assuntos:
Tags: Adicionar Tag
Sem tags, seja o primeiro a adicionar uma tag!
Thư viện lưu trữ: Trung tâm Học liệu Trường Đại học Cần Thơ
LEADER 01157nam a2200217Ia 4500
001 CTU_153079
008 210402s9999 xx 000 0 und d
020 |c 37.21 
082 |a 340.59 
082 |b R813 
100 |a Rosen, Lawrence 
245 4 |a The justice of Islam : 
245 0 |b Comparative perspectives on Islamic law and society 
245 0 |c Lawrence Rosen 
260 |a Oxford 
260 |b Oxford University Press 
260 |c 2000 
520 |a One out of five people in the world today lives subject to Islamic law, but stereotypes of rigid doctrine or harsh punishment obscure an understanding of the values and style of reasoning that characterize everyday lslamic adjudication. By considering its larger social and cultural context, this book shows Islamic law to be a kind of common law system: justice is sought through a careful assessment of persons, more than facts, and justice resides not in equality but in a quest for equivalence. 
650 |a Islamic law,Sociological jurisprudence,Luật Đạo hồi,Luật xã hội học 
904 |i Trọng Hải 
980 |a Trung tâm Học liệu Trường Đại học Cần Thơ